00251 a2200109 4500001000700000020000600007040001100013100001900024240004700043245004200090362000900132181501 a  cMagnum aCapon, Jack J.10aAtividades com bola, corda e arco/v.2lpor10aAtividades com bola, corda e arco/v.20 a1899